000 00409nam a22001697a 4500
005 20251108170719.0
008 250721s1980 xx 000 0 eng d
082 1 4 _aR/421.52/CHA
100 1 _aKirkpatrick, E.M.
245 1 0 _aChambers spell well /
264 1 _aLondon :
_bChambers,
_c1980.
300 _a247p.
650 1 7 _aEnglish language
650 1 7 _aSpelling
942 _2ddc
_cREF
999 _c47233
_d47233